What to say (Include CD) / (Record no. 175666)

000 -LEADER
fixed length control field 01017 a2200193 4500
003 - CONTROL NUMBER IDENTIFIER
control field Nust
005 - DATE AND TIME OF LATEST TRANSACTION
control field 20230125120019.0
020 ## - INTERNATIONAL STANDARD BOOK NUMBER
International Standard Book Number 094667521X
040 ## - CATALOGING SOURCE
Transcribing agency Nust
082 ## - DEWEY DECIMAL CLASSIFICATION NUMBER
Classification number 428,LAM
100 ## - MAIN ENTRY--PERSONAL NAME
Personal name Lambert, Sue
9 (RLIN) 107627
245 ## - TITLE STATEMENT
Title What to say (Include CD) /
Statement of responsibility, etc. Lambert, Sue
260 ## - PUBLICATION, DISTRIBUTION, ETC.
Place of publication, distribution, etc. London
Name of publisher, distributor, etc. BBC English
Date of publication, distribution, etc. 1987
300 ## - PHYSICAL DESCRIPTION
Extent vii, 119
505 ## - FORMATTED CONTENTS NOTE
Formatted contents note At the Airport (Page-1), Arriving at the hotel (Page-7), Having A meal in Restaurant (Page-13), Getting about (Page-20), Asking the way (Page-28), Buying the guide book s (Page-37), At the post office (Page-43), At the doctors (Page-48), At a chemists (Page-54), Making a telephone call (Page-60), Travelling by Train (Page-68), Meting a People (Page-72), What to do if u lose Something (Page-77), Hiring a Car (Page-82), At the thereat (Page-88), Shopping for Clothes (Page-93), At the hairdressers (Page-99), Buying presents,105.Going home (Page-113).
650 ## - SUBJECT ADDED ENTRY--TOPICAL TERM
Topical term or geographic name entry element English language
651 ## - SUBJECT ADDED ENTRY--GEOGRAPHIC NAME
Geographic name (Include CD)
9 (RLIN) 8953
942 ## - ADDED ENTRY ELEMENTS (KOHA)
Source of classification or shelving scheme
Koha item type Book
Call number prefix 428,LAM
Holdings
Withdrawn status Lost status Source of classification or shelving scheme Damaged status Not for loan Collection code Permanent Location Current Location Date acquired Total Checkouts Full call number Barcode Date last seen Price effective from Koha item type Shelving location Public note
            Military College of Signals (MCS) Military College of Signals (MCS) 12/12/2016   428 LAM MCS27938 12/08/2016 12/12/2016 Book    
            Military College of Signals (MCS) Military College of Signals (MCS) 12/12/2016   428,LAM MCS36738 12/08/2016 12/12/2016 Book General Stacks Almirah No. 54, Shelf No. 6
© 2023 Central Library, National University of Sciences and Technology. All Rights Reserved.